Microbiology: including immunology and molecular genetics
Guardat en:
| Autor principal: | |
|---|---|
| Altres autors: | , , |
| Format: | Llibre |
| Idioma: | anglès |
| Publicat: |
Filadelfia, USA
Harper & Row
1980
|
| Edició: | Tercera edición |
| Matèries: | |
| Etiquetes: |
Afegir etiqueta
Sense etiquetes, Sigues el primer a etiquetar aquest registre!
|
MARC
| LEADER | 00000nam a2200000 a 4500 | ||
|---|---|---|---|
| 001 | UCL4346 | ||
| 003 | CL-VaPUC | ||
| 005 | 20240823105852.0 | ||
| 008 | 040109e19800000US |||||||||||||||||eng|d | ||
| 999 | |c 307218 |d 307216 | ||
| 020 | |a 0061406910 | ||
| 040 | |c Pontificia Universidad Católica de Valparaíso | ||
| 082 | 0 | 4 | |a 616.01 DAV 1980 |2 21 |
| 100 | 0 | |a Davis, Bernard D |9 481867 | |
| 245 | 1 | 0 | |a Microbiology: including immunology and molecular genetics |
| 250 | |a Tercera edición | ||
| 260 | 0 | 3 | |a Filadelfia, USA |b Harper & Row |c 1980 |
| 300 | |a 1355 páginas | ||
| 583 | |a last modification |c 20040109 00:00:00 |k Rodrigo Vera | ||
| 650 | 0 | |a Microbiología |9 259706 | |
| 650 | 0 | |a Inmunología |9 329894 | |
| 650 | 0 | |a Enfermedades |9 263059 | |
| 700 | 0 | |a Dulbecco, Renato |9 481868 | |
| 700 | 0 | |a Eisen, Herman N |9 481869 | |
| 700 | |a Ginsberg, Harold S |9 482359 | ||
| 942 | |c BK |2 ddc | ||
| 945 | |d 20040109 00:00:00 |a cmena | ||
| 952 | |0 0 |1 0 |2 ddc |4 0 |6 616_010000000000000_DAV_1980 |7 0 |8 A |9 372976 |a BIBCUR |b BIBCUR |d 2019-11-21 |i 2086980 |o 616.01 DAV 1980 |p 2086980 |r 2025-04-22 |t 1 |w 2019-11-21 |y BK |k BIO | ||